000 00399nam a22001697a 4500
005 20160629154237.0
008 160629b xxu||||| |||| 00| 0 eng d
020 _a81-85749-53-1
041 _aeng
082 _b12564
100 _aGupta, Dr. B R & Singhal.V
_93209
245 _aPower Electronics
260 _bKatson
_c2012
300 _a594
650 _aDiploma Engineering
_9817
942 _cBK
999 _c4736
_d4734